| 000 | 00617cam a22002052 4500 | ||
|---|---|---|---|
| 001 | 0000018654 | ||
| 005 | 20151217155858.0 | ||
| 008 | 100225s xx 000 0 eng d | ||
| 020 | _a9966706135 : | ||
| 040 |
_aKABU _cKABU |
||
| 100 | 1 |
_aMurasi wa Andala. _@0000177975 |
|
| 245 | 1 | 0 |
_aMwongozo wa Utengano (Said A. Mohamed) / _cna Murasi wa Andala. |
| 250 | _a1st ed. | ||
| 260 |
_aKakamega, Kenya : _bLurambi Publishers, _c2008. |
||
| 300 | _aiv, 58 p. | ||
| 700 | 1 |
_aMohamed, Said A. _@0000152151 |
|
| 852 | 1 | _9p150 KES | |
| 908 | _a100225 | ||
| 950 | _@1 | ||
| 999 |
_c13654 _d13654 |
||